000 01234cam a2200373 a 4500
001 12590097
003 OSt
005 20140310184334.0
008 011115s2002 nyu c 000 1 eng
010 _a 2001057611
020 _a0439388813
020 _a9780439388818
040 _aDLC
_cDLC
_dDLC
042 _alcac
050 0 0 _aPZ 7
_b.M3567585 2004
100 1 _aMartin, Ann M.,
_d1955-
_924043
245 1 2 _aA corner of the universe /
_cAnn M. Martin.
250 _a1st ed.
260 _aNew York :
_bScholastic Press,
_c2004.
300 _a189 p. :
_c22 cm.
521 _aG5
526 _c750
650 1 _aFamily life
_vFiction.
_924044
650 1 _aUncles
_vFiction.
_924045
650 1 _aPeople with mental disabilities
_vFiction.
_924046
650 1 _aFriendship
_vFiction.
_924047
856 4 2 _3Publisher description
_uhttp://www.loc.gov/catdir/description/schol051/2001057611.html
906 _a7
_bcbc
_corignew
_d1
_eocip
_f20
_gy-gencatlg
942 _2lcc
_cBK-SCHOLAS
999 _c33711
_d33711